| 000 | 00738cam a2200205 a 4500 | ||
|---|---|---|---|
| 020 | _a0070259127 (pbk.) : | ||
| 082 | 0 | 0 |
_a005.26F _bHAM _cM-L-02,P-132 |
| 100 | 1 |
_aHammond, Robert H. _936780 |
|
| 245 | 1 | 0 |
_aIntroduction to FORTRAN 77 and the personal computer / _cRobert H. Hammond, William B. Rogers, John B. Crittenden. |
| 260 |
_aNew York : _bMcGraw-Hill, _cc1987. |
||
| 300 |
_axvi, 413 p. : _bill. ; _c24 cm. |
||
| 500 | _aIncludes index. | ||
| 526 |
_a0 _b0 _c0 _d005_000000000000000_26F_HAM |
||
| 526 |
_a0 _b0 _c0 _d005_000000000000000_26F_HAM |
||
| 650 | 0 |
_aFORTRAN 77 (Computer program language) _936781 |
|
| 650 | 0 |
_aMCE _9379 |
|
| 700 | 1 |
_aCrittenden, John B. _936782 |
|
| 700 | 1 |
_aRogers, William B., _936783 |
|
| 942 |
_2ddc _cBK |
||
| 999 |
_c541751 _d541751 |
||